00354nam a2200133 4500003000900000005001700009008004100026020002700067040001300094082001600107100001700123245004600140260003400186SEACOMEC20250806160709.0250405b |||||||| |||| 00| 0 eng d a978-8173191381c130.00 aSEACOMEC a621.9bM678 aMishra, P K aNonconventional Machining c P.K. Mishra  a New Delhi b: Narosa ,c1997